Les anciennes communautes villageoises roumaines : asservissement et penetration capitaliste

Saved in:
Bibliographic Details
Main Author: Stahl, Henri H.
Format: Book
Language:French
Published: Bucarest; Paris : Academie de la Republique Socialiste de Roumanie, Centre National de la Recherche Scientifique, 1969
Series:Bibliotheca historica Romaniae. Monographies ; ; VI
Subjects:
Tags: Add Tag
No Tags, Be the first to tag this record!

MARC

LEADER 00000nam a2200000 i 4500
001 1/81361
008 961212s1969 fre d
035 |l 10005285 
040 |a GR-MY-UA  |b gre  |e aacr 
041 0 |a fre 
082 0 |a 307.7209498 
100 1 |a Stahl, Henri H. 
245 1 4 |a Les anciennes communautes villageoises roumaines :  |b asservissement et penetration capitaliste /  |c Henri H. Stahl 
260 |a Bucarest; Paris :   |b Academie de la Republique Socialiste de Roumanie,   |b Centre National de la Recherche Scientifique,   |c 1969 
300 |a 254 p. 
490 1 |a Bibliotheca historica Romaniae. Monographies  |v ; VI 
650 0 0 |a Villages  |z Romania. 
650 0 0 |a Community development  |z Romania. 
651 0 |a Romania  |x Rural conditions. 
830 0 |a Bibliotheca historica Romaniae. Monographies ;  |v ; VI 
852 |a INST  |b LESVOS  |e 19961212  |h 307.7209498 STA  |p 005100008799  |q 005100008799  |t BK  |y 0 
909 |a Λ  |b 007153